000
00331nam a22001457a 4500
003
OSt
005
20170105103447.0
008
131204t xxu||||| |||| 00| 0 eng d
020
_a
978-0-7234-3418-4
040
_c
ASAB
100
_a
Gareth Kitchen
_9
392
245
_a
Immunology and Haematology
250
_a
3rd ed.
942
_2
ddc
_c
BK
999
_c
16663
_d
16663